00969nam a22002537a 450000500170000001000130001702000210003003500130005103700160006404000120008008200180009224501160011026000450022627000610027130000230033250000190035565000460037465000570042070000270047770000280050494200270053299900190055995201370057820170124110109.0 aA-353547 c00.00a195623126 aA-353547 bCen Lib/Ret aDPLbEN a954.0841bCON aCongress and Indian nationalism :cedited by Richard Sisson [and] Stanley Wolpertbthe pre-independence phase / bOxford University Pressc1988aNew Delhi aYMCA Library Building, Jai Singh RoadbNew Delhie110001 ax,420p. c22cm(Hb) aIncludes index aIndian National Congress -- History98567 aIndia -- Politics and government -- 1857-1919926494 aSisson, Richard928760 aWolpert, Stanley928761 2ddccENh954.0841mCON c130273d130273 00104070aLbLd2015-07-09eCen Lib/Retg0.00l1o954.0841 CONpA-353547r2021-01-09 00:00:00s2021-01-07t1v0.00w2015-07-09yEN